Central Library OPAC University of Rajshahi

Invisible man / (Record no. 65440)

MARC details
000 -LEADER
fixed length control field 00637nam a2200217 a 4500
001 - CONTROL NUMBER
control field 65440
003 - CONTROL NUMBER IDENTIFIER
rucl marc code BD-RjUL
005 - DATE AND TIME OF LATEST TRANSACTION
control field 20211209081427.0
008 - FIXED-LENGTH DATA ELEMENTS--GENERAL INFORMATION
fixed length control field 170306r19761947ii |||| |||| 000 0 eng d
035 ## - SYSTEM CONTROL NUMBER
System control number (BD-RjUL)65570
040 ## - CATALOGING SOURCE
Original cataloging agency BD-RjUL
Language of cataloging eng
Transcribing agency BD-RjUL
Modifying agency BD-RjUL
041 ## - LANGUAGE CODE
Language code of text/sound track or separate title eng
082 ## - DEWEY DECIMAL CLASSIFICATION NUMBER
Edition number 23
Classification number 813.5
Author mark and year ELI 1976
100 ## - MAIN ENTRY--PERSONAL NAME
Personal name Ellison, Ralph
9 (RLIN) 193677
245 ## - TITLE STATEMENT
Title Invisible man /
Statement of responsibility, etc. Ralph Ellison
260 ## - PUBLICATION, DISTRIBUTION, ETC. (IMPRINT)
Place of publication, distribution, etc. New Delhi :
Name of publisher, distributor, etc. Allied publishers limited,
Date of publication, distribution, etc. c 1947[1976]
300 ## - PHYSICAL DESCRIPTION
Pagination 435 p. ;
Size 21 cm.
650 ## - SUBJECT ADDED ENTRY--TOPICAL TERM
Topical term or geographic name as entry element American fiction in English
9 (RLIN) 189328
Topical term or geographic name as entry element African Americans
Form subdivision Intellectual life
9 (RLIN) 193678
942 ## - ADDED ENTRY ELEMENTS (KOHA)
Source of classification or shelving scheme Dewey Decimal Classification
Koha item type Books
Holdings
Lost status Source of classification or shelving scheme Damaged status Not for loan Collection code Permanent Location Current Location Shelving location Date acquired Source of acquisition Total Checkouts Full call number Date last seen Copy number Koha item type
  Dewey Decimal Classification   Not For Loan Non-fiction Central Library, University of Rajshahi Central Library, University of Rajshahi Reading Room 03/02/1977 USIS   813.5 ELI 1976 06/03/2017 C-1 Books